00230nam a2200085 a 450000500170000000800410001705000170005824500270007565000420010220140414131845.0100524s19uu xx 00 eng d aM 220.9bS66 aThe son who come home. athe prodigal sonxJuvenile literature